00338nam a2200133Ia 4500003000400000005001700004008004100021040000900062082001500071100002100086245003800107260005100145300000800196OSt20200630115516.0190216s9999||||xx |||||||||||||| ||und|| coclc a929bMOO/M aMoothedam, Usman 0aMuslim Perukal /cUsman Moothedam bPoomkavanam Books Publishers,aCalicut;c2005. a96p